|
|
|
|
| LEADER |
01577njm a2200517 a 4500 |
| 001 |
000266373 |
| 003 |
CZ BrMZK |
| 005 |
19950101143423.0 |
| 008 |
950101s1992 xr f cze d |
| 028 |
0 |
3 |
|a 81 1227-4 131
|b Panton
|
| 040 |
|
|
|a BOA001
|b cze
|
| 080 |
|
|
|a 787.61(086.7)
|2 MRF
|
| 100 |
1 |
|
|a Steidl, Pavel,
|d 1961-
|7 jn20000710591
|4 prf
|
| 245 |
1 |
0 |
|a Kytara
|h [zvukový záznam] :
|b hudba 18. a 19.stol. /
|c Pavel Steidl.
|
| 246 |
3 |
3 |
|a Romanze
|
| 246 |
3 |
3 |
|a Rondo
|
| 246 |
3 |
3 |
|a Sarabande
|
| 246 |
3 |
3 |
|a Scherzo
|
| 246 |
3 |
3 |
|a Sehnsucht
|
| 246 |
3 |
3 |
|a Tarantella
|
| 246 |
3 |
3 |
|a Tombeau sur la mort de M. Comte de Losy
|
| 246 |
3 |
3 |
|a Unruhe
|
| 246 |
3 |
3 |
|a Abendlied
|
| 246 |
3 |
3 |
|a Allemande
|
| 246 |
3 |
3 |
|a An die Entfernte
|
| 246 |
3 |
3 |
|a Bardenklänge: an Malvina
|
| 246 |
3 |
3 |
|a Courante
|
| 246 |
3 |
3 |
|a Gavotte
|
| 246 |
3 |
3 |
|a Gigue
|
| 246 |
3 |
3 |
|a Kindermärchen
|
| 246 |
3 |
3 |
|a Liebeslied
|
| 246 |
3 |
3 |
|a Ouverture
|
| 246 |
3 |
3 |
|a Passacaglia
|
| 260 |
|
|
|a Praha :
|b Panton,
|c p1992
|
| 300 |
|
|
|a 1 MC :
|b stereo, Dolby B +
|e 1 list.
|
| 306 |
|
|
|a 010632
|
| 500 |
|
|
|a Nahr. 1992
|
| 500 |
|
|
|a Durata 66:32
|
| 505 |
2 |
|
|a Bardenklänge: An Malvina, Romanze, Abendlied ...fet al.]
|
| 653 |
0 |
|
|a barokní hudba
|a kytara
|a romantická hudba
|
| 700 |
1 |
|
|a Weiss, Silvius Leopold,
|d 1686-1750
|7 jn20000605553
|4 cmp
|
| 700 |
1 |
|
|a Losy z Losinthálu, Jan Antonín,
|d 1650-1721
|7 jn19990209498
|4 cmp
|
| 910 |
|
|
|a BOA001
|b KZ-0001.486
|
| 964 |
|
|
|a Kytara
|x MC
|
| 990 |
|
|
|a AV
|
| 996 |
6 |
|
|b 261H001517
|c KZ-0001.486
|l MZK
|r Sklad / do 24 hodin
|n 3
|w 000266373
|u 000010
|a 1
|e BOA001
|j MZK50
|s P
|